000 00658nam a22002417a 4500
999 _c66957
_d66954
003 PK-NaQUE
005 20251127104216.0
008 251127b ||||| |||| 00| 0 eng d
020 _a9783030194154
040 _cQUEST
082 _a630.2 GUT
100 _aGutinerrez, Tomy J.
245 _aPolymers for Agri-Food Applications
260 _aSwitzerland:
_bSpringer,
_c2019.
300 _a620p. ;
650 _aPolymers
650 _aAgricultural innovations
650 _aFood science
650 _aAgriculture
650 _aChemistry, Organic
856 _uhttp://10.10.170.122:8080/browse/book/22150
_yDownload eBook
942 _cBK
_2ddc